| 000 | 01225nma a22002777a 4500 | ||
|---|---|---|---|
| 006 | g q || | ||
| 999 |
_c69324 _d69324 |
||
| 005 | 20210525110136.0 | ||
| 008 | s2556 th tha d | ||
| 040 | _aNALT | ||
| 041 | _atha | ||
| 090 | _aCD2185 | ||
| 110 | 2 |
_aกรมการปกครอง _933949 |
|
| 245 | 1 | 0 | _aทำเนียบท้องที่ พุทธศักราช 2555 [CD-ROM] |
| 260 |
_aกรุงเทพฯ : _bกรมการปกครอง กระทรวงมหาดไทย, _c2556. |
||
| 300 |
_a1 แผ่น : _bSd., Col. |
||
| 650 | 4 |
_aตราประจำจังหวัด _943014 |
|
| 650 | 4 |
_aการปกครองท้องถิ่น _943015 _zไทย _xทำเนียบนาม |
|
| 650 | 4 |
_aตำบล _943018 _xทำเนียบนาม |
|
| 650 | 4 |
_aอำเภอ _943016 _xทำเนียบนาม |
|
| 650 | 4 |
_aคำขวัญ _933154 |
|
| 650 | 4 |
_aจังหวัด _943017 _xทำเนียบนาม |
|
| 653 | 4 | _aคำขวัญประจำจังหวัด | |
| 850 | _aNALT | ||
| 942 |
_cCD _2local |
||
| 998 |
_j109 _k อารีรัตน์ วิชาช่าง |
||